Power Electronics / (Record no. 4262)
[ view plain ]
| 000 -LEADER | |
|---|---|
| fixed length control field | 00730 a2200241 4500 |
| 010 ## - LCCN (DPL NO) | |
| LC control number | ENG-86206 |
| 020 ## - INTERNATIONAL STANDARD BOOK NUMBER | |
| International Standard Book Number | 0070612218 |
| Terms of availability | 295.00 |
| 020 ## - INTERNATIONAL STANDARD BOOK NUMBER | |
| International Standard Book Number | 9780070612211 |
| 035 ## - SYSTEM CONTROL NUMBER | |
| System control number | EN-69739 |
| 037 ## - SOURCE OF ACQUISITION | |
| Source of stock number/acquisition | DBAD / PUB |
| 082 14 - DEWEY DECIMAL CLASSIFICATION NUMBER | |
| Classification number | 321.381044 |
| 100 1# - MAIN ENTRY--PERSONAL NAME | |
| Personal name | Singh, M. D. |
| 245 1# - TITLE STATEMENT | |
| Title | Power Electronics / |
| Statement of responsibility, etc | by M.D.Singh and K.B.Khanchandani |
| 250 ## - EDITION STATEMENT | |
| Edition statement | 2nd ed |
| 260 ## - PUBLICATION, DISTRIBUTION, ETC. (IMPRINT) | |
| Place of publication, distribution, etc | New Delhi |
| Name of publisher, distributor, etc | Tata McGraw-Hill Publishing |
| Date of publication, distribution, etc | 2007 |
| 270 ## - ADDRESS | |
| Address | 7, West Patel Nagar |
| City | New Delhi |
| State or province | Delhi |
| Postal code | 110008 |
| 300 ## - PHYSICAL DESCRIPTION | |
| Extent | xx, 1071 p |
| Dimensions | 22 cm. (Pbk) |
| 490 ## - SERIES STATEMENT | |
| Series statement | Electrical and electronics series |
| 500 ## - GENERAL NOTE | |
| General note | Includes index. |
| 650 #0 - SUBJECT ADDED ENTRY--TOPICAL TERM | |
| Topical term or geographic name as entry element | Power Electronics |
| 700 ## - ADDED ENTRY--PERSONAL NAME | |
| Personal name | Khanchandani, K. B. |
| 942 ## - ADDED ENTRY ELEMENTS (KOHA) | |
| Institution code [OBSOLETE] | dpl |
| Item type | English Books |
| Source of classification or shelving scheme | Dewey Decimal Classification |
| Classification part | 621.381044 |
| Call number suffix | SIN |
| Withdrawn status | Lost status | Not for loan | Collection code | Home library | Current library | Source of acquisition | Cost, normal purchase price | Full call number | Barcode | Copy number | Cost, replacement price | Koha item type |
|---|---|---|---|---|---|---|---|---|---|---|---|---|
| Not For Loan | Non-fiction | D.B.Act.Division | D.B.Act.Division | DBAD/PUB | 295.00 | 621.381044 SIN | EN-69739 | 1 | 295.00 | English Books |
